| Record ID | marc_records_scriblio_net/part03.dat:34006801:659 |
| Source | Scriblio |
| Download Link | /show-records/marc_records_scriblio_net/part03.dat:34006801:659?format=raw |
LEADER: 00659cam 22002171 4500
001 35002549
003 DLC
005 20050818184534.0
008 880919s1934 mnu 000 0 eng
010 $a 35002549
035 $a(OCoLC)18500428
040 $aDLC$cRPB$dDLC
042 $apremarc
050 00 $aPS3539.H578$bP5 1934
082 $a811.5
100 1 $aThomas, Gertrude Ida,$d1889-
245 10 $aPhantom oarsman and other poems,$cby Gail White [pseud.]
260 $aMinneapolis,$bF.T. Phelps, typographer and printer$c[c1934]
300 $ax p., 1 l., 66 p., 1 l.$c16 cm.
500 $a"Second edition."
500 $a"Two hundred copies ... have been printed."